WAP 2.0 development / (Record no. 9134)

MARC details
000 -LEADER
fixed length control field 00614nam a22002052 4500
001 - CONTROL NUMBER
control field 0000019944
005 - DATE AND TIME OF LATEST TRANSACTION
control field 20151217152205.0
008 - FIXED-LENGTH DATA ELEMENTS--GENERAL INFORMATION
fixed length control field 110324s xx 000 0 eng d
020 ## - INTERNATIONAL STANDARD BOOK NUMBER
International Standard Book Number 8131725962 :
040 ## - CATALOGING SOURCE
Original cataloging agency KABU
Transcribing agency KABU
100 1# - MAIN ENTRY--PERSONAL NAME
Personal name Tull, Chris.
-- 0000179946
245 10 - TITLE STATEMENT
Title WAP 2.0 development /
Statement of responsibility, etc. Chris Tull.
250 ## - EDITION STATEMENT
Edition statement 1st ed.
260 ## - PUBLICATION, DISTRIBUTION, ETC. (IMPRINT)
Place of publication, distribution, etc. New Delhi :
Name of publisher, distributor, etc. Pearson education,
Date of publication, distribution, etc. 2002.
300 ## - PHYSICAL DESCRIPTION
Extent xv, 379 p.
650 #0 - SUBJECT ADDED ENTRY--TOPICAL TERM
Topical term or geographic name as entry element Wireless Application Protocol (Computer network protocol)
-- 0000156348
852 1# - LOCATION
-- p2028 KES
908 ## - PUT COMMAND PARAMETER (RLIN)
Put command parameter 110324
950 ## - LOCAL HOLDINGS (RLIN)
-- 1
Holdings
Withdrawn status Lost status Source of classification or shelving scheme Not for loan Home library Current library Date acquired Total Checkouts Full call number Barcode Date last seen Price effective from Koha item type
    Library of Congress Classification   Kabarak, Main Campus Kabarak, Main Campus 17/12/2015   TK5105.5865 .T85 2002 c.1 21977 17/12/2015 17/12/2015 General Collection
Designed with assistance from East African Informatics Ltd